• 首页
  • 本馆介绍
  • 公告通知
  • 最新文献
  • 馆藏检索
  • 电子资源
  • 读者导购
  • 参考咨询
  • 我的图书馆
  • 登录
  • 详细信息显示
  • 放入我的书架
  • 预约/预借图书
  • 作者相关作品
  • 分类相关作品
  • 丛书相关作品
  • 出版社相关作品

书目信息

  • 表格格式
  • 工作单格式
  • 卡片格式
题名:
孔子故里著述考
    
 
作者: 周洪才 著
分册:  
出版信息: 济南   齐鲁书社  2004
页数: 797页
开本: 20cm
丛书名:
单 册:
中图分类: Z83
科图分类:
主题词: 目录--类型
电子资源:
ISBN: 7-5333-1278-3
000 00942nam0 2200277 450
001 0302679728
005 20051115092644.35
010    @a7-5333-1278-3@dCNY60.00
092    @aCN
100    @a20041219d2004 em y0chiy0110 ea
101 0  @achi
102    @aCN@b370000
105    @ay az 001yd
200 1  @a孔子故里著述考@9kong zi gu li zhu shu kao@f周洪才著@Fzhou hong cai zhu
210    @a济南@c齐鲁书社@d2004
215    @a797页@d20cm
300    @a山东省哲学社会科学“十五”规划重点项目
300    @a孔子文化大学(曲阜师范大学)深见东州儒学研究基金资助项目
320    @a有书目及索引
330    @a本书是一部考录孔子故里历代著述的地方文献专著,所收以乾隆《曲阜县志》、民国《续修曲阜县志》所载人物著述为基本依据。书内共收录自先秦至建国前四百九十位作者的一千七百余种著述。
606 0  @a目录@x类型
690    @aZ83@v4
701  0 @a周洪才@Azhou hong cai@4著
801  0 @aCN@bTSSF@c20051115
905    @a10447@dZ83@e41
999    @aZXL
    
    孔子故里著述考/周洪才著.-济南:齐鲁书社,2004
    797页;20cm
    山东省哲学社会科学“十五”规划重点项目.-孔子文化大学(曲阜师范大学)深见东州儒学研究基金资助项目
    
    ISBN 7-5333-1278-3:CNY60.00
    本书是一部考录孔子故里历代著述的地方文献专著,所收以乾隆《曲阜县志》、民国《续修曲阜县志》所载人物著述为基本依据。书内共收录自先秦至建国前四百九十位作者的一千七百余种著述。
●
相关链接 在E读中查询图书 在五车中查询图书 在当当中查询图书 在豆瓣中查询图书


正题名:孔子故里著述考     索取号:Z83/41         预约/预借

序号 登录号 条形码 馆藏地/架位号 状态 备注
1 0367442   203674425   第二样本阅览室/ [索取号:Z83/41] 在馆    
2 0367443   203674434   第三借阅区/ [索取号:Z83/41] 在馆    
3 0367444   203674443   第三借阅区/ [索取号:Z83/41] 在馆    
4 0367445   203674452   第三借阅区/ [索取号:Z83/41] 在馆    
5 0367446   203674461   第三借阅区/ [索取号:Z83/41] 在馆    
唐山师范学院图书馆 欢迎您!
大连网信软件有限公司© 版权所有